000 00567nam a2200205 a 4500
001 2999348
005 20241212103420.0
008 940601s1994 iaua b 001 0 eng
020 _a0697142574 (cloth)
020 _a0697202844
050 0 0 _aQH308.2
_b.K55 1994
082 0 0 _a574
_220
100 1 _aKimball, John W.
245 1 0 _aBiology /
_cJohn W. Kimball.
250 _a6th ed.
260 _aDubuque, Iowa :
_bWm. C. Brown Publishers,
_cc1994.
300 _axx, 752, [22] p. :
_bill. (some col.) ;
_c29 cm.
650 0 _aBiology.
942 _2lcc
_cBK
_e6th ed.
_n0
999 _c2093
_d2093